000 00489 a2200193 4500
005 20260407130026.0
008 260407b |||||||| |||| 00| 0 eng d
020 _a9789352991174
_cRs. 675.00
040 _aMAIN
082 _a331
_bC349L
100 _aChakraborty, Suman Kalyan
245 _aLabour economics
260 _bHimalaya Publishing House
_c2025
_aMumbai
300 _a442
650 _aEconomics
650 _aLabor Market
650 _aEmployment- India
942 _cBK
999 _c396921
_d396921